Joaquín Costa, el fabricante de ideas : (Record no. 179729)

MARC details
000 -LEADER
campo de control de longitud fija 01953nam a2200385 i 4500
001 - NÚMERO DE CONTROL
campo de control 179729
003 - IDENTIFICADOR DE NÚMERO DE CONTROL
campo de control ES-MaACL
005 - FECHA Y HORA DE LA ÚLTIMA TRANSACCIÓN
campo de control 20240418104250.0
008 - DATOS DE LONGITUD FIJA--INFORMACIÓN GENERAL
campo de control de longitud fija 120113s2011 sp acfo |||| |bspa d
017 ## - NÚMERO DE COPYRIGHT O DE DEPÓSITO LEGAL
Número de copyright o de depósito legal Z 846-2011
Agencia que asigna Oficina Depósito Legal Zaragoza
020 ## - NÚMERO INTERNACIONAL ESTÁNDAR DEL LIBRO
Número Internacional Estándar del Libro 9788483802670
040 ## - FUENTE DE CATALOGACIÓN
Centro/agencia transcriptor ES-MaACL
080 ## - NÚMERO DE LA CLASIFICACIÓN DECIMAL UNIVERSAL
Número de la Clasificación Decimal Universal 929 Costa, Joaquín (060.64)
245 00 - MENCIÓN DEL TÍTULO
Título Joaquín Costa, el fabricante de ideas :
Resto del título [exposición] Paraninfo, Universidad de Zaragoza, del 22 de marzo al 5 de junio de 2011 /
Mención de responsabilidad, etc. [dirección, Ignacio Peiró Martín ; coordinación, María García Soria ; textos, José Carlos Mainer... et al.]
260 ## - PUBLICACIÓN, DISTRIBUCIÓN, ETC.
Lugar de publicación, distribución, etc. [Zaragoza] :
Nombre del editor, distribuidor, etc. Gobierno de Aragón, Dirección General de Cultura,
Fecha de publicación, distribución, etc. [2011]
300 ## - DESCRIPCIÓN FÍSICA
Extensión 318 páginas :
Otras características físicas ilustraciones (blanco y negro y color) ;
Dimensiones 28 cm.
500 ## - NOTA GENERAL
Nota general Índice
500 ## - NOTA GENERAL
Nota general Cronología
504 ## - NOTA DE BIBLIOGRAFÍA, ETC.
Nota de bibliografía, etc. Bibliografía: páginas. 310-318
505 8# - NOTA DE CONTENIDO CON FORMATO
Nota de contenido con formato Homenaje a Joaquín Costa / Gabriel Jackson
585 ## - NOTA DE EXPOSICIONES
Nota de exposiciones Exposición organizada por el Departamento de Educación, Cultura y Deporte del Gobierno de Aragón, con la colaboración del Vicerrectorado de Proyección Cultural y Social de la Universidad de Zaragoza y la Sociedad Estatal de Acción Cultural
600 17 - PUNTO DE ACCESO ADICIONAL DE MATERIA--NOMBRE DE PERSONA
Nombre de persona Costa, Joaquín,
Fechas asociadas al nombre 1846-1911-
Subdivisión de forma Exposiciones
9 (RLIN) 149051
700 1# - ENTRADA AGREGADA--NOMBRE PERSONAL
Nombre de persona Peiró Martín, Ignacio.
9 (RLIN) 149052
Término indicativo de función/relación Director de publicación
700 1# - ENTRADA AGREGADA--NOMBRE PERSONAL
Nombre de persona García Soria, María
9 (RLIN) 235060
Término indicativo de función/relación Editor literario
700 1# - ENTRADA AGREGADA--NOMBRE PERSONAL
Nombre de persona Mainer, José-Carlos,
Fechas asociadas al nombre 1944-
Término indicativo de función/relación Autor
9 (RLIN) 75599
700 1# - ENTRADA AGREGADA--NOMBRE PERSONAL
Nombre de persona Jackson, Gabriel,
Fechas asociadas al nombre 1921-2019
9 (RLIN) 65809
Término indicativo de función/relación Autor
710 2# - ENTRADA AGREGADA--NOMBRE DE ENTIDAD CORPORATIVA
Nombre de entidad corporativa o nombre de jurisdicción como elemento de entrada Universidad de Zaragoza
9 (RLIN) 7352
Término indicativo de función/relación Sede
710 1# - ENTRADA AGREGADA--NOMBRE DE ENTIDAD CORPORATIVA
Nombre de entidad corporativa o nombre de jurisdicción como elemento de entrada Aragón.
Unidad subordinada Diputación General
9 (RLIN) 1410
Término indicativo de función/relación Editor
740 02 - ENTRADA AGREGADA--TÍTULO RELACIONADO/ANALÍTICO NO CONTROLADO
Título relacionado o analítico no controlado Homenaje a Joaquín Costa.
852 ## - LOCALIZACIÓN
Ubicación ES-MaACL
Número de control de estantería A-11846/Ej.1
Sublocalización o colección R.148108
Ubicación en estantería Depósito 1
Signatura antigua Olim: N-4851
Encuadernación Encuadernación: cartoné
Nota libre X-36
-- Duplicado
itemnumber 186629
852 ## - LOCALIZACIÓN
Ubicación ES-MaACL
Número de control de estantería N-8202
Ubicación en estantería Depósito J
Encuadernación Encuadernación: cartoné
itemnumber 186628
942 ## - ELEMENTOS DE ENTRADA SECUNDARIOS (KOHA)
Tipo de ítem Koha Libro impreso
Suprimir en OPAC No
Holdings
Estatus retirado Estado de pérdida Fuente del sistema de clasificación o colocación Estado de daño No para préstamo Biblioteca de origen Biblioteca actual Ubicación en estantería Fecha de adquisición Fuente de adquisición Total de préstamos Signatura topográfica completa Código de barras Visto por última vez Tipo de ítem Koha Restricciones de uso Copia número
    Clasificación decimal universal     Biblioteca del Ateneo de Madrid Biblioteca del Ateneo de Madrid Depósito J 02/11/2022 Donación   N-8202 101206673 23/02/2023 Libro impreso    
    Clasificación decimal universal     Biblioteca del Ateneo de Madrid Biblioteca del Ateneo de Madrid Depósito 1 13/01/2012 Donación   A-11846/Ej.1 1188809 23/02/2023 Libro impreso Duplicado X-36